Enigma

Bibliographic Details
Main Author: M. Zainal Abidin
Format: Book
Published: Skudai : City Megazone Sdn. Bhd. , 2009
Subjects:

MARC

LEADER 00000cam a2200000 7i4500
001 0000167883
005 20130115.0
020 |a 9789675231001 
090 0 0 |a F   |b MZA 
100 0 |a M. Zainal Abidin 
245 1 0 |a Enigma   |c M. Zainal Abidin 
260 |a Skudai :   |b City Megazone Sdn. Bhd. ,   |c 2009 
300 |a 300p. ;   |c 18cm. 
650 0 0 |a Malay fiction 
999 |a 00264122   |b BUKU   |c PINJAMAN   |e PERPUSTAKAAN KOMUNITI PETALING JAYA